<?xml version="1.0" encoding="UTF-8"?>
<record
    xmlns:xsi="http://www.w3.org/2001/XMLSchema-instance"
    xsi:schemaLocation="http://www.loc.gov/MARC21/slim http://www.loc.gov/standards/marcxml/schema/MARC21slim.xsd"
    xmlns="http://www.loc.gov/MARC21/slim">

  <leader>01247cam a22002651  4500</leader>
  <controlfield tag="001">he 67000078 </controlfield>
  <controlfield tag="003">DLC</controlfield>
  <controlfield tag="005">20260227111443.0</controlfield>
  <controlfield tag="008">851001s1966    is a     b    000 0 eng  </controlfield>
  <datafield tag="010" ind1=" " ind2=" ">
    <subfield code="a">he 67000078 //r943</subfield>
  </datafield>
  <datafield tag="040" ind1=" " ind2=" ">
    <subfield code="a">DLC/ICU</subfield>
    <subfield code="c">ICU</subfield>
    <subfield code="d">DLC</subfield>
  </datafield>
  <datafield tag="041" ind1="1" ind2=" ">
    <subfield code="a">engrus</subfield>
  </datafield>
  <datafield tag="050" ind1="0" ind2="0">
    <subfield code="a">TJ140.N3</subfield>
    <subfield code="b">D323</subfield>
  </datafield>
  <datafield tag="100" ind1="1" ind2=" ">
    <subfield code="a">Danilevski&#x12D;, V. V.</subfield>
    <subfield code="q">(Viktor Vasil&#x2B9;evich),</subfield>
    <subfield code="d">1898-1960.</subfield>
  </datafield>
  <datafield tag="240" ind1="1" ind2="0">
    <subfield code="a">Nartov i "I&#x361;Asnoe zrelishche mashin."</subfield>
    <subfield code="l">English</subfield>
  </datafield>
  <datafield tag="245" ind1="1" ind2="0">
    <subfield code="a">Nartov and his Theatrum machinarum.</subfield>
    <subfield code="b">(Nartov i "Yasnoe zrelishche mashin")</subfield>
    <subfield code="c">Edited by A.S. Britkin. Translated from Russian [and edited by IPST staff].</subfield>
  </datafield>
  <datafield tag="260" ind1=" " ind2=" ">
    <subfield code="a">Jerusalem,</subfield>
    <subfield code="b">Israel Program for Scientific Translations;</subfield>
    <subfield code="b">[available from the U.S. Dept. of Commerce, Clearinghouse for Federal Scientific and Technical Information, Springfield, Va.]</subfield>
    <subfield code="c">1966.</subfield>
  </datafield>
  <datafield tag="300" ind1=" " ind2=" ">
    <subfield code="a">xii, 307 p.</subfield>
    <subfield code="b">illus.</subfield>
    <subfield code="c">24 cm.</subfield>
  </datafield>
  <datafield tag="500" ind1=" " ind2=" ">
    <subfield code="a">Published for the Smithsonian Institution and the National Science Foundation, Washington, D.C.</subfield>
  </datafield>
  <datafield tag="504" ind1=" " ind2=" ">
    <subfield code="a">Includes bibliographical references.</subfield>
  </datafield>
  <datafield tag="600" ind1="1" ind2="0">
    <subfield code="a">Nartov, Andre&#x12D; Konstantinovich,</subfield>
    <subfield code="d">1693-1756.</subfield>
    <subfield code="t">Teatrum makhinarum.</subfield>
  </datafield>
  <datafield tag="710" ind1="2" ind2="0">
    <subfield code="a">Smithsonian Institution.</subfield>
  </datafield>
  <datafield tag="710" ind1="2" ind2="0">
    <subfield code="a">National Science Foundation (U.S.)</subfield>
  </datafield>
  <datafield tag="740" ind1="0" ind2="1">
    <subfield code="a">Nartov i "Yasnoe zrelishche mashin".</subfield>
  </datafield>
  <datafield tag="999" ind1=" " ind2=" ">
    <subfield code="c">32078</subfield>
    <subfield code="d">32078</subfield>
  </datafield>
</record>
